000 00258nam a2200097Ia 4500
008 170619s9999 xx 000 0 und d
100 _aMurthy Robin R
245 0 _aResource management in real- time system and networking
260 _bNew Delhi: PHI
260 _c2005
546 _aENGLISH
999 _c17906
_d17906